Fisiología del esfuerzo y del deporte
Saved in:
| Main Authors: | , |
|---|---|
| Format: | Bog |
| Sprog: | spansk |
| Udgivet: |
Barcelona
Paidotribo
2004
|
| Udgivelse: | 5a. ed |
| Fag: | |
| Tags: |
Tilføj Tag
Ingen Tags, Vær først til at tagge denne postø!
|
MARC
| LEADER | 00000nam a2200000 a 4500 | ||
|---|---|---|---|
| 001 | UCH3166 | ||
| 003 | CL-VaPUC | ||
| 008 | 090715e20040000SP |||||||||||||||||spa|d | ||
| 020 | |a 8480197498 | ||
| 082 | 0 | 4 | |a 612.044 |b WIL |2 21 |
| 100 | 0 | |a Wilmore, Jack H |e author |9 538376 | |
| 700 | 0 | |a Costill, David L |e author |9 538377 | |
| 245 | 1 | 0 | |a Fisiología del esfuerzo y del deporte |
| 250 | |a 5a. ed | ||
| 300 | |a 715 p | ||
| 942 | |c BK | ||
| 945 | |d 20090715 00:00:00 |a cmena | ||
| 260 | |a Barcelona |b Paidotribo |c 2004 | ||
| 650 | 0 | |a Fisiología humana |9 269557 | |
| 650 | 7 | |a ENTRENAMIENTO ATLETICO |2 CL-VaPUC |9 538378 | |
| 650 | 0 | |a Deportes |9 224367 | |
| 650 | 0 | |a Ejercicios físicos |9 307296 | |
| 650 | 0 | |a Aptitud física |9 373835 | |
| 583 | |a last modification |c 20090715 00:00:00 |k Rodrigo Vera | ||
| 999 | |c 334792 |d 334790 | ||
| 952 | |0 0 |1 0 |4 0 |6 612_044000000000000_WIL_2004 |7 0 |8 A |9 423979 |a BIBCUR |b BIBCUR |d 2019-11-22 |i 1087606 |o 612.044 WIL 2004 |p 1087606 |r 2025-04-22 |w 2019-11-22 |y BK |k KIN | ||